• 首页
  • 本馆介绍
  • 公告通知
  • 最新文献
  • 馆藏检索
  • 电子资源
  • 读者导购
  • 参考咨询
  • 我的图书馆
  • 登录
  • 详细信息显示
  • 放入我的书架
  • 预约/预借图书
  • 作者相关作品
  • 分类相关作品
  • 丛书相关作品
  • 出版社相关作品

书目信息

  • 表格格式
  • 工作单格式
  • 卡片格式
题名:
无线电收音机及无线电路的设计与制作
    
 
作者: 铃木宪次 著 ;王庆 , 刘涓涓 译
分册:  
出版信息: 北京   科学出版社  2006
页数: 11,210页
开本: 24cm
丛书名: 图解实用电子技术丛书
单 册:
中图分类: TN859 , TN702
科图分类:
主题词: 无线电接收机--电路设计 , 无线电接收机--制作 , 电子电路--电路设计 , 电子电路--制作
电子资源:
ISBN: 7-03-017500-X
000 01323oam2 2200349 450
001 012004061126
005 20070805112619.95
009 012004061126
010    @a7-03-017500-X@dCNY35.00
035    @a(110019)012006070135
100    @a20060809d2006 em y0chiy0110 ea
101 1  @achi@cjpn
102    @aCN@b110000
105    @ay z 000yy
106    @ar
200 1  @a无线电收音机及无线电路的设计与制作@Awu xian dian shou yin ji ji wu xian dian lu de she ji yu zhi zuo@f(日)铃木宪次著@F( ri ) ling mu xian ci zhu@g王庆, 刘涓涓译@Gwang qing , liu juan juan yi
210    @a北京@c科学出版社@d2006
215    @a11,210页@d24cm
225 2  @a图解实用电子技术丛书@Atu jie shi yong dian zi ji shu cong shu
330    @a本书分别介绍了各种无线电收音机,包括矿石收音机、再生式收音机、直放式收音机、超再生检波收音机、FM收音机、超外差收音机以及各种发射机,包括视频发射机、FM立体声发射机、FM无线麦克风等设备。
461  0 @12001 @a图解实用电子技术丛书
606 0  @a无线电接收机@x电路设计
606 0  @a无线电接收机@x制作
606 0  @a电子电路@x电路设计
606 0  @a电子电路@x制作
690    @aTN859@v4
690    @aTN702@v4
701  0 @c(日)@a铃木宪次@Aling mu xian ci@4著
702  0 @a王庆@Awang qing@4译
702  0 @a刘涓涓@Aliu juan juan@4译
801  0 @aCN@b110019@c20070805
905    @dTN859@e64@f5
    
    无线电收音机及无线电路的设计与制作/(日)铃木宪次著/王庆, 刘涓涓译.-北京:科学出版社,2006
    11,210页;24cm.-(图解实用电子技术丛书)
    
    
    ISBN 7-03-017500-X:CNY35.00
    本书分别介绍了各种无线电收音机,包括矿石收音机、再生式收音机、直放式收音机、超再生检波收音机、FM收音机、超外差收音机以及各种发射机,包括视频发射机、FM立体声发射机、FM无线麦克风等设备。
●
相关链接 在E读中查询图书 在五车中查询图书 在当当中查询图书 在豆瓣中查询图书


正题名:无线电收音机及无线电路的设计与制作     索取号:TN859/64         预约/预借

序号 登录号 条形码 馆藏地/架位号 状态 备注
1 0851183   208511831   第二样本阅览室/ [索取号:TN859/64] 在馆    
2 0851184   208511840   第三借阅区/ [索取号:TN859/64] 在馆    
3 0851185   208511859   第三借阅区/ [索取号:TN859/64] 在馆    
4 0851186   208511868   第三借阅区/ [索取号:TN859/64] 在馆    
5 0851187   208511877   第三借阅区/ [索取号:TN859/64] 在馆    
唐山师范学院图书馆 欢迎您!
大连网信软件有限公司© 版权所有